[Event "Asian Continental op 16th"]
[Site "Chengdu"]
[Date "2017.05.17"]
[Round "6"]
[White "Sengupta, Dipankar"]
[Black "Yu, Yangyi"]
[Result "0-1"]
[WhiteElo "2586"]
[BlackElo "2743"]
[PlyCount "70"]
[EventDate "2017.05.12"]
[EventType "swiss"]
[EventRounds "9"]
[EventCountry "CHN"]
[SourceTitle "CBM 178 Extra"]
[Source "ChessBase"]
[SourceDate "2017.06.22"]
[SourceVersion "1"]
[SourceVersionDate "2017.06.22"]
[SourceQuality "1"]

1. d4 Nf6 2. Nf3 g6 3. Bg5 d5 4. e3 Bg7 5. Nbd2 h6 6. Bf4 0-0 7. Bd3 c5 8. c3 Nc6 9. Ne5 cxd4 10. exd4 Nh5 11. Nxc6 bxc6 12. Be3 c5 13. dxc5 e5 14. Nb3 d4 15. cxd4 exd4 16. Bd2 Re8+ 17. Kf1 a5 18. Qf3 Ba6 19. Bxa6 Rxa6 20. c6 Qb6 21. Nxa5 Qb5+ 22. Kg1 Qxb2 23. Qd1 d3 24. Rc1 Rxa5 25. Bxa5 Nf4 26. Rb1 Qc2 27. Bd2 Ne2+ 28. Kf1 Qxc6 29. h4 Ng3+ 30. Kg1 Nxh1 31. Kxh1 Re2 32. Be3 Qe4 33. Kg1 Be5 34. h5 d2 35. Qf1 Qxb1 0-1

[Event "Asian Continental op 16th"]
[Site "Chengdu"]
[Date "2017.05.13"]
[Round "2"]
[White "Sengupta, Dipankar"]
[Black "Wei, Yi"]
[Result "1/2-1/2"]
[WhiteElo "2586"]
[BlackElo "2732"]
[PlyCount "104"]
[EventDate "2017.05.12"]
[EventType "swiss"]
[EventRounds "9"]
[EventCountry "CHN"]
[SourceTitle "CBM 178 Extra"]
[Source "ChessBase"]
[SourceDate "2017.06.22"]
[SourceVersion "1"]
[SourceVersionDate "2017.06.22"]
[SourceQuality "1"]

1. d4 Nf6 2. Nf3 d5 3. c4 e6 4. g3 Bb4+ 5. Nbd2 0-0 6. Bg2 dxc4 7. Qc2 a5 8. Qxc4 b6 9. a3 Be7 10. Ne5 Ra7 11. Ndf3 Ba6 12. Qc2 c5 13. Bf4 cxd4 14. Rd1 Nd5 15. Nxd4 Nxf4 16. gxf4 Qc7 17. Qb3 Bf6 18. Qg3 Rd8 19. 0-0 Qc8 20. Qb3 Bxe5 21. fxe5 Rad7 22. Rc1 Rc7 23. Qe3 Rxc1 24. Rxc1 Qd7 25. Nc6 Nxc6 26. Bxc6 Qe7 27. f4 h6 28. Kg2 Bb7 29. Kg3 Rc8 30. Bxb7 Rxc1 31. Qxc1 Qxb7 32. Qe3 h5 33. Qd4 Qc6 34. Qd8+ Kh7 35. Qd3+ g6 36. Qd4 a4 37. Qd8 Qc5 38. Kf3 b5 39. h4 Qc6+ 40. Kf2 Qe4 41. e3 Qc2+ 42. Kf3 Qf5 43. Qf8 Qg4+ 44. Ke4 Qg2+ 45. Kd3 Qd5+ 46. Kc2 Qb3+ 47. Kb1 Qd3+ 48. Ka1 Qf1+ 49. Ka2 Qc4+ 50. Ka1 Qf1+ 51. Ka2 Qc4+ 52. Ka1 Qf1+ 1/2-1/2

[Event "Asian Continental op 16th"]
[Site "Chengdu"]
[Date "2017.05.12"]
[Round "1"]
[White "Tran, Minh Thang"]
[Black "Sengupta, Dipankar"]
[Result "0-1"]
[WhiteElo "2409"]
[BlackElo "2586"]
[PlyCount "68"]
[EventDate "2017.05.12"]
[EventType "swiss"]
[EventRounds "9"]
[EventCountry "CHN"]
[SourceTitle "CBM 178 Extra"]
[Source "ChessBase"]
[SourceDate "2017.06.22"]
[SourceVersion "1"]
[SourceVersionDate "2017.06.22"]
[SourceQuality "1"]

1. d4 Nf6 2. Nf3 b6 3. Bf4 Bb7 4. e3 c5 5. c3 g6 6. Bd3 Bg7 7. Nbd2 0-0 8. 0-0 Nc6 9. Re1 d6 10. Bf1 Re8 11. e4 cxd4 12. cxd4 e5 13. Bg5 Nxd4 14. Nxd4 exd4 15. f3 h6 16. Bh4 g5 17. Bf2 d5 18. e5 Nd7 19. f4 gxf4 20. Nf3 Nxe5 21. Nxe5 Rxe5 22. Rxe5 Bxe5 23. Qg4+ Qg5 24. Qd7 Rb8 25. Re1 d3 26. h3 Qg7 27. Bxd3 f3 28. g3 f6 29. Qe6+ Kh8 30. h4 Rd8 31. Bg6 d4 32. Qf5 Qc7 33. g4 Qd6 34. Bh5 Bh2+ 0-1